Matthew / (Record no. 10573)
[ view plain ]
| 000 -LEADER | |
|---|---|
| fixed length control field | 01631cam a2200313 i 4500 |
| 001 - CONTROL NUMBER | |
| control field | 992566964 |
| 003 - CONTROL NUMBER IDENTIFIER | |
| control field | OCoLC |
| 005 - DATE AND TIME OF LATEST TRANSACTION | |
| control field | 20250122150101.0 |
| 008 - FIXED-LENGTH DATA ELEMENTS--GENERAL INFORMATION | |
| fixed length control field | 171017t20182018miu b 001 0 eng |
| 020 ## - INTERNATIONAL STANDARD BOOK NUMBER | |
| International Standard Book Number | 9780802825780 |
| Qualifying information | hardcover |
| -- | alkaline paper |
| 020 ## - INTERNATIONAL STANDARD BOOK NUMBER | |
| International Standard Book Number | 0802825788 |
| Qualifying information | hardcover |
| -- | alkaline paper |
| 035 ## - SYSTEM CONTROL NUMBER | |
| System control number | (OCoLC)992566964 |
| 040 ## - CATALOGING SOURCE | |
| Original cataloging agency | DLC |
| Language of cataloging | eng |
| Description conventions | rda |
| Transcribing agency | DLC |
| Modifying agency | OCLCF |
| -- | BCT |
| -- | ELW |
| -- | LNT |
| -- | YDX |
| -- | OCLCO |
| -- | PTS |
| -- | VLB |
| -- | CHVBK |
| -- | OCLCO |
| -- | UKMGB |
| -- | OBE |
| 082 00 - DEWEY DECIMAL CLASSIFICATION NUMBER | |
| Classification number | 226.20609 |
| Edition information | 23 |
| Item number | MAT 1 |
| 245 00 - TITLE STATEMENT | |
| Title | Matthew / |
| Statement of responsibility, etc. | interpreted by early Christian commentators ; translated and edited by D.H. Williams |
| 264 #1 - PRODUCTION, PUBLICATION, DISTRIBUTION, MANUFACTURE, AND COPYRIGHT NOTICE | |
| Place of production, publication, distribution, manufacture | Grand Rapids, Michigan : |
| Name of producer, publisher, distributor, manufacturer | William B. Eerdmans Publishing Company, |
| Date of production, publication, distribution, manufacture, or copyright notice | 2018 |
| 264 #4 - PRODUCTION, PUBLICATION, DISTRIBUTION, MANUFACTURE, AND COPYRIGHT NOTICE | |
| Date of production, publication, distribution, manufacture, or copyright notice | ©2018 |
| 300 ## - PHYSICAL DESCRIPTION | |
| Extent | xxviii, 570 pages ; |
| Dimensions | 26 cm |
| 336 ## - CONTENT TYPE | |
| Content type term | text |
| Content type code | txt |
| Source | rdacontent |
| 337 ## - MEDIA TYPE | |
| Media type term | unmediated |
| Media type code | n |
| Source | rdamedia |
| 338 ## - CARRIER TYPE | |
| Carrier type term | volume |
| Carrier type code | nc |
| Source | rdacarrier |
| 490 1# - SERIES STATEMENT | |
| Series statement | The church's Bible |
| 504 ## - BIBLIOGRAPHY, ETC. NOTE | |
| Bibliography, etc. note | Includes bibliographical references and indexes |
| 520 ## - SUMMARY, ETC. | |
| Summary, etc. | This Church's Bible volume contains carefully selected and translated patristic writings on the Gospel of Matthew. More than thirty church fathers, including John Chrysostom, Irenaeus of Lyons, Gregory of Nyssa, Origen, Tertullian, and Augustine, are represented here. Ranging chronologically from the second century to the seventh century, these substantial selections splendidly display a neglected part of the church's interpretive tradition on Matthew.--Publisher's description |
| 630 00 - SUBJECT ADDED ENTRY--UNIFORM TITLE | |
| Uniform title | Bible. |
| Name of part/section of a work | Matthew |
| Form subdivision | Commentaries |
| 655 #7 - INDEX TERM--GENRE/FORM | |
| Genre/form data or focus term | Commentaries. |
| Source of term | fast |
| Authority record control number or standard number | (OCoLC)fst01423723 |
| 700 1# - ADDED ENTRY--PERSONAL NAME | |
| Personal name | Williams, Daniel H., |
| Relator term | translator, |
| -- | editor |
| 942 ## - ADDED ENTRY ELEMENTS (KOHA) | |
| Source of classification or shelving scheme | Dewey Decimal Classification |
| Koha item type | Reference Books |
| Suppress in OPAC | No |
| Withdrawn status | Lost status | Source of classification or shelving scheme | Damaged status | Not for loan | Home library | Current Library | Shelving location | Date acquired | Total checkouts | Full call number | Barcode | Date last seen | Copy number | Price effective from | Koha item type |
|---|---|---|---|---|---|---|---|---|---|---|---|---|---|---|---|
| Dewey Decimal Classification | GRACE BIBLE COLLEGE | GRACE BIBLE COLLEGE | Commentary | 2025-01-22 | 226.20609 MAT | 020917 | 2025-05-01 | c.1 | 2025-01-22 | Reference Books |